| 000 | 00525nam a2200193Ia 4500 | ||
|---|---|---|---|
| 005 | 20260429112043.0 | ||
| 008 | 260429s9999||||xx |||||||||||||| ||und|| | ||
| 020 | _a9789384640989 | ||
| 041 | _aEnglish | ||
| 082 |
_a613.7046 _bCHA |
||
| 100 | _aChandra, Yogaguru Dharm | ||
| 245 | 0 |
_aYoga in physical education / _cYogaguru Dharm Chandra |
|
| 260 |
_aDelhi : _bAcademic Publication, _c2026. |
||
| 300 | _ax, 262 p.; hb | ||
| 650 | _a Physical education | ||
| 650 | _a Sports science | ||
| 650 | _aYoga | ||
| 942 | _cTB | ||
| 999 |
_c52109 _d52109 |
||